Hijrah

Bibliographic Details
Main Author: Al-Sahhar, Abdul Hamid Jaudah
Other Authors: Safiah Abd. Razak
Format: Book
Published: Kuala Lumpur : DBP , 1993
Series:Karya ibrah kisah para Nabi
Subjects:

MARC

LEADER 00000cam a2200000 7i4500
001 0000002270
002 000002473
005 20000330.0
020 |a 9836237976 
090 0 0 |a 297.63   |b ALS 
100 1 |a Al-Sahhar, Abdul Hamid Jaudah 
245 1 0 |a Hijrah   |c Abdul Hamid Jaudah Al-Sahhar 
260 |a Kuala Lumpur :   |b DBP ,   |c 1993 
300 |a 305 p. ;   |c 22 cm. 
490 0 |a Karya ibrah kisah para Nabi 
600 0 0 |a Prophet, Muhammad   |x Biography 
700 0 |a Safiah Abd. Razak 
999 |a 035716   |b BUKU   |c PINJAMAN   |e PERPUSTAKAAN KOMUNITI PETALING JAYA 
999 |a 035717   |b BUKU   |c PINJAMAN   |e PERPUSTAKAAN KOMUNITI PETALING JAYA